Music Quiz

Random Music or Song Quiz

Yourself or Someone Like You - MB20 Quiz Stats

Quiz not verified by Sporcle

Challenge
Share
Tweet
Embed
Score 0/12 Timer 03:00
0 Plays Today
% Correct
Real World
93.3%
Push
89.7%
3 A.M.
89.2%
Long Day
77.8%
Back 2 Good
73.7%
Kody
70.1%
Hang
59.3%
Girl Like That
58.2%
Argue
56.7%
Damn
54.6%
Shame
54.1%
Busted
45.4%

You're not logged in!

Compare scores with friends on all Sporcle quizzes.
Join for Free
OR
Log In

You Might Also Like...

Show Comments

Extras

Top Quizzes Today


Score Distribution

Your Account Isn't Verified!

In order to create a playlist on Sporcle, you need to verify the email address you used during registration. Go to your Sporcle Settings to finish the process.

Report this User

Report this user for behavior that violates our Community Guidelines.

Details: